| 000 | 00419 a2200157 4500 | ||
|---|---|---|---|
| 001 | 92829 | ||
| 020 | _a9780007460632 | ||
| 082 | _a428.34 SNE | ||
| 090 |
_c44557 _d44558 |
||
| 100 | _aSnelling Rhona | ||
| 245 |
_aGet Ready for IELTS : Speaking with CD; Pre-intermediate A2+ _hEnglish |
||
| 256 | _awih CD | ||
| 260 |
_aChina _bHarper Collins Publisher _c2012 |
||
| 300 | _a134p. | ||
| 740 | _aIELTS-speaking | ||
| 942 |
_aNUST CAE _cTXT _k428.34 SNE |
||
| 999 |
_c327902 _d327902 |
||